Uczestnicy Pucharu Konfederacji - Statystyki

Ogólne statystyki
  • Ten quiz został rozwiązany 138 razy
  • Średni wynik to 24 z 33
Statystyki odpowiedzi
Ilość występów Ostatni występ Reprezentacja % Poprawnych
7 2013 Brazylia
96%
3 2017 Niemcy
96%
3 2005 Argentyna
95%
2 2013 Hiszpania
95%
4 2009 Stany Zjednoczone
93%
2 2003 Francja
92%
7 2017 Meksyk
92%
1 2017 Portugalia
92%
5 2013 Japonia
89%
1 2017 Chile
87%
2 2013 Włochy
87%
1 2017 Rosja
86%
2 2009 Republika Południowej Afryki
85%
4 2017 Australia
83%
1 2001 Korea Południowa
81%
2 2009 Egipt
76%
1 2001 Kanada
76%
1 2003 Kolumbia
76%
2 2013 Urugwaj
76%
2 2013 Nigeria
71%
4 2017 Nowa Zelandia
70%
1 2005 Grecja
69%
4 1999 Arabia Saudyjska
66%
1 1995 Dania
64%
3 2017 Kamerun
62%
1 1992 Wybrzeże Kości Słoniowej
55%
1 2009 Irak
50%
1 2003 Turcja
50%
1 1997 Czechy
46%
1 2005 Tunezja
44%
1 2013 Tahiti
36%
1 1997 Zjednoczone Emiraty Arabskie
34%
1 1999 Boliwia
29%
Nie znaleziono quizów pasujących do podanych kryteriów
Rozkład punktacji
Procent ludzi z każdym wynikiem
Percentyl według liczby udzielonych odpowiedzi
Twoja historia wyników
Nie rozwiązałeś tego quizu